| 000 | 00378nab a22001097u 4500 | ||
|---|---|---|---|
| 008 | 130520b1990 xxu||||| |||| 00| 0 spa d | ||
| 041 | _aspa | ||
| 100 | 1 |
_aGrote, H. _967494 |
|
| 245 | 0 | 0 |
_aLa concepción política de la colegialidad, considerada desde el punto de vista de la Reforma europea _cH. Grote |
| 773 | 0 |
_tConcilium _gV.2,1990,págs.79-90 _x0210-1041 _wRev134 |
|
| 942 | _cAR | ||
| 999 |
_c355567 _d355567 |
||